000 00737nam a22001937a 4500
005 20180524124058.0
010 _a1718EN-30 B-682172-178
020 _a9789385923852
_c299.00
035 _aB-682172-178
037 _bPragati Publications
_adpl
100 _aMalik, S C
245 _aPrinciples of real analysis /
_cby S C Mlik
260 _aNew Delhi
_bNew Age International
_c2017
270 _a7/30 A, Darya Ganj,
_bNew Delhi
_e110002
300 v _axii,375p.
_c23cm(pbk)
500 _aIncludes index
942 _2ddc
_cEN
_mMAL
_h524
999 _c145431
_d145431